[Event "POR-ch Absolute 2018"]
[Site "Braga"]
[Date "2018.09.06"]
[Round "6"]
[White "Rego, Pedro Filipe"]
[Black "Padeiro, Jose"]
[Result "0-1"]
[WhiteElo "2270"]
[BlackElo "2209"]
[Annotator "NA"]
[PlyCount "116"]
[EventDate "2018.09.02"]
[EventType "tourn"]
[EventCountry "POR"]
[SourceTitle "playchess.com"]
[Source "ChessBase"]
[SourceQuality "1"]
[TimeControl "40/5400+30:1800+30"]

1. Nf3 {[%emt 0:00:00]} d5 {[%emt 0:00:51]} 2. d4 {[%emt 0:00:09]} c6 {[%emt 0:00:23]} 3. g3 {[%emt 0:00:22]} Bf5 {[%emt 0:00:29]} 4. Bg2 {[%emt 0:00:28]} Nf6 {[%emt 0:00:08]} 5. c4 {[%emt 0:00:20]} e6 {[%emt 0:00:04]} 6. O-O {[%emt 0:00:13]} Nbd7 {[%emt 0:00:35]} 7. b3 {[%emt 0:00:47]} h6 {[%emt 0:00:36]} 8. Bb2 {[%emt 0:00:31] D11: Slav Defence: 3 Nf3 sidelines and 3...Nf6 4 e3 Bg4} Bd6 {[%emt 0:03:02]} (8... Be7 9. Nfd2 O-O 10. Nc3 a5 11. e3 Qb6 12. Qe2 Rfe8 13. Rfc1 Rad8 14. a3 Bf8 15. Qf1 Bg6 16. h3 Qa7 17. b4 axb4 18. axb4 {1-0 (123) Nakamura,H (2769)-Caruana,F (2816) Paris 2018}) 9. Nc3 {[%emt 0:01:08]} Ne4 {[%emt 0:02:00]} 10. Nd2 {[%emt 0:00:53]} Nxc3 {[%emt 0:02:48]} 11. Bxc3 {[%emt 0:00:05]} Nf6 {[%emt 0:00:06]} 12. e4 $146 {[%emt 0:10:22]} ({Predecessor:} 12. b4 O-O 13. f3 Bh7 14. e4 Bc7 15. e5 Nd7 {1-0 (34) Burmakin,V (2575)-Saric,A (2350) Nova Gorica 2003}) 12... dxe4 {[%emt 0:02:13]} 13. Qe2 {[%emt 0:00:51]} O-O {[%emt 0:00:37]} 14. Nxe4 {[%emt 0:00:12]} Nxe4 {[%emt 0:00:03]} 15. Bxe4 {[%emt 0:00:06]} Bxe4 {[%emt 0:00:03]} 16. Qxe4 {[%emt 0:00:06]} Be7 {[%emt 0:01:49]} 17. Rad1 {[%emt 0:01:15]} Bf6 {[%emt 0:00:18]} 18. Rd3 {[%emt 0:00:22]} Qe7 {[%emt 0:12:12]} 19. Re1 {[%emt 0:01:33]} Rfe8 {[%emt 0:00:57]} 20. a4 {[%emt 0:06:31]} Rad8 {[%emt 0:00:57]} 21. Red1 {[%emt 0:04:53]} c5 {[%emt 0:03:32]} 22. Qf3 {[%emt 0:15:15]} cxd4 {[%emt 0:02:45]} 23. Bxd4 {[%emt 0:00:22]} e5 {[%emt 0:00:54]} 24. Bc3 {[%emt 0:17:58]} e4 {[%emt 0:11:32]} 25. Bxf6 {[%emt 0:00:11]} Rxd3 {[%emt 0:00:17]} 26. Qxd3 {[%emt 0:01:49]} Qxf6 {[%emt 0:00:24]} 27. Qd7 {[%emt 0:04:21]} Qe7 {[%emt 0:05:10]} 28. Qxe7 {[%emt 0:00:46]} Rxe7 {[%emt 0:00:02]} 29. Kf1 {[%emt 0:00:24]} f5 {[%emt 0:00:31]} 30. Ke2 {[%emt 0:00:05]} Kf7 {[%emt 0:00:06]} 31. Ke3 {[%emt 0:00:12]} Ke6 {[%emt 0:01:21]} 32. h4 {[%emt 0:08:38]} g5 {[%emt 0:01:50]} 33. hxg5 {[%emt 0:00:05]} hxg5 {[%emt 0:00:01]} 34. Rd5 {[%emt 0:04:01]} Rh7 {[%emt 0:00:21]} 35. Rd8 {[%emt 0:01:42]} b6 {[%emt 0:02:27]} 36. Re8+ {[%emt 0:01:33]} Kf6 {[%emt 0:00:47]} 37. Rf8+ {[%emt 0:02:06]} Ke5 {[%emt 0:00:24]} 38. Re8+ {[%emt 0:01:16]} Kf6 {[%emt 0:00:10]} 39. Rd8 {[%emt 0:10:39]} Rh1 {[%emt 0:01:59]} 40. Rd6+ {[%emt 0:00:00]} Ke5 {[%emt 0:00:00]} 41. Rd5+ {[%emt 0:01:57]} Ke6 {[%emt 0:01:13]} 42. Rb5 {[%emt 0:01:26]} Rd1 {[%emt 0:01:38]} 43. Ke2 {[%emt 0:01:19]} Rb1 {[%emt 0:01:01]} 44. Ke3 {[%emt 0:01:09]} Re1+ {[%emt 0:01:04]} 45. Kd2 {[%emt 0:00:05]} Rf1 {[%emt 0:00:05]} 46. Ke2 {[%emt 0:00:20]} Rb1 {[%emt 0:00:03]} 47. Kd2 {[%emt 0:02:56]} Kf6 {[%emt 0:02:25]} 48. Ke3 {[%emt 0:01:29]} Rd1 {[%emt 0:00:50]} 49. Ke2 {[%emt 0:00:19]} Rd3 $11 {[%emt 0:00:39]} 50. b4 {[%emt 0:00:05]} Ra3 {[%emt 0:02:13]} 51. a5 {[%emt 0:00:19]} bxa5 {[%emt 0:00:06]} 52. bxa5 {[%emt 0:00:32]} f4 {[%emt 0:00:28]} 53. gxf4 {[%emt 0:02:43]} gxf4 {[%emt 0:00:12]} 54. Kf1 {[%emt 0:04:46]} f3 {[%emt 0:02:33]} 55. Kg1 {[%emt 0:00:10]} Ra1+ {[%emt 0:00:42]} 56. Kh2 {[%emt 0:00:03]} e3 {[%emt 0:00:12]} 57. Rb3 {[%emt 0:03:41]} e2 {[%emt 0:01:23]} 58. Rxf3+ {[%emt 0:00:03]} Kg5 {[%emt 0:00:04]} 0-1

[Event "POR-ch Absolute 2018"]
[Site "Braga"]
[Date "2018.09.06"]
[Round "6"]
[White "Martins, Bruno Andre Leite"]
[Black "Silva, Luis Neves Da"]
[Result "*"]
[WhiteElo "2262"]
[BlackElo "2353"]
[Annotator "TA"]
[PlyCount "45"]
[EventDate "2018.09.02"]
[EventType "tourn"]
[EventCountry "POR"]
[SourceTitle "playchess.com"]
[Source "ChessBase"]
[SourceQuality "1"]

{[%evp 22,45,0,0,7,0,29,18,19,24,35,35,31,32,39,35,21,19,18,0,0,0,0,0,0,0]} 1. e4 e5 2. Nf3 Nc6 3. Bb5 a6 4. Ba4 Nf6 5. O-O Be7 6. d3 b5 7. Bb3 d6 8. a4 Bd7 9. c3 {C84: Spanische Partie (Mittelgambit)} (9. Bd2 O-O 10. h3 b4 11. a5 Rb8 12. c3 h6 13. Re1 Re8 14. d4 Bf8 15. d5 bxc3 16. bxc3 Ne7 {1-0 (54) Grischuk,A (2766)-Caruana,F (2816) Paris 2018}) 9... Na5 10. Bc2 c5 11. h3 O-O 12. Re1 {LiveBook: 3 Partien} Qb6 13. Nbd2 b4 14. Nb3 $146 ({Vorgänger:} 14. cxb4 Qxb4 15. b3 Nc6 16. Nc4 h6 17. Ba3 Qb7 18. Qd2 Nh5 19. Ne3 Be6 {0-1 (30) Gaitan Moyano,J (1671)-Pott,B (1794) LSS email 2013}) 14... Nxb3 15. Bxb3 bxc3 16. bxc3 Rab8 17. Nd2 Rb7 18. a5 Qc7 19. Nc4 {Die Stellung ist ausgeglichen.} Be6 20. Nb6 Bxb3 21. Qxb3 Nd7 {[%cal Rd7b6]} 22. Qc4 {[#] Droht Sd5 und aus.} Nxb6 23. axb6 *

[Event "POR-ch Absolute 2018"]
[Site "Braga"]
[Date "2018.09.06"]
[Round "6"]
[White "Vasques, Antonio Pedro Freix"]
[Black "Sousa, Andre Ventura"]
[Result "0-1"]
[WhiteElo "2239"]
[BlackElo "2365"]
[Annotator "TA"]
[PlyCount "60"]
[EventDate "2018.09.02"]
[EventType "tourn"]
[EventCountry "POR"]
[SourceTitle "playchess.com"]
[Source "ChessBase"]
[SourceQuality "1"]

{[%evp 15,60,0,0,-42,-33,-34,0,0,-9,-14,0,0,0,-43,0,0,0,-12,14,18,33,10,38,37,37,37,257,64,75,-13,-16,-16,-24,-22,-29,-20,-46,-61,-37,-645,-650,-841,-308,-1037,-1036,-29991,-1392]} 1. e4 e5 2. Nf3 Nc6 3. Bc4 Bc5 4. c3 Nf6 5. b4 Be7 6. d3 O-O 7. O-O {C54: Giuoco Piano: 4 c3 Nf6, main lines with 5 d4 and 5 d3} (7. Nbd2 d5 8. Bb3 dxe4 9. dxe4 Qd3 10. Bb2 a5 11. Bc4 Qd6 12. b5 Nd8 13. a4 Ne6 14. Qc2 Nd7 15. O-O Nf4 16. g3 {½-½ (16) Rapport,R (2719)-Kravtsiv,M (2654) Abu Dhabi 2018}) 7... d5 8. exd5 Nxd5 {LiveBook: 75 Games} 9. h3 {The position is equal.} a6 10. Re1 Nb6 11. Bb3 Bf6 12. a4 Bf5 13. a5 $146 Nd5 14. Bc4 b5 (14... Ndxb4 $5 15. cxb4 e4 16. dxe4 Qxd1 17. Rxd1 Bxe4 $15) 15. axb6 Nxb6 16. Rxa6 Rxa6 17. Bxa6 Nb8 18. Bb7 c6 {Strongly threatening ...Qd7.} 19. b5 $1 ({Much worse is} 19. Nxe5 Qc7 $15) 19... cxb5 20. Nxe5 Qe7 $2 {[#]} (20... Bxe5 $14 21. Rxe5 Qxd3 22. Qxd3 Bxd3) 21. Qf3 $2 (21. Ng6 $1 $18 {[%cal Rg6e7][%mdl 512]} Qxb7 (21... Bxg6 22. Rxe7) 22. Nxf8) 21... Bxe5 $14 22. Ba3 {[#]} ({White should play} 22. Qxf5 $16 {aiming for Ba3.} Bh2+ 23. Kxh2 Qxe1 24. Be3) 22... Bh2+ $1 $11 {[%mdl 512]} 23. Kxh2 Qxe1 24. Qxf5 Re8 25. Be4 {[%csl Ge4][%cal Rf5h7]} g6 $36 {[%mdl 2048] Black is pushing.} 26. Qxb5 N8d7 27. Bc5 $2 {[%mdl 8192]} (27. c4 $15 Qxf2 28. Nc3) 27... Re5 $19 28. d4 Qxe4 $2 (28... Rxe4 29. Bxb6 Nxb6 30. Qxb6 Qxf2 31. Qb8+ Kg7) 29. Nd2 $2 (29. dxe5 Qxe5+ 30. g3) 29... Qf4+ 30. g3 Qxf2+ {Precision: White = 27%, Black = 42%.} 0-1

[Event "POR-ch Absolute 2018"]
[Site "Braga"]
[Date "2018.09.07"]
[Round "7"]
[White "Martins, David Pires Tavares"]
[Black "Martins, Bruno Andre Leite"]
[Result "1-0"]
[WhiteElo "2402"]
[BlackElo "2262"]
[Annotator "ChessBase"]
[PlyCount "57"]
[EventDate "2018.09.02"]
[EventType "tourn"]
[EventCountry "POR"]
[SourceTitle "playchess.com"]
[Source "ChessBase"]
[SourceQuality "1"]
[TimeControl "40/5400+30:1800+30"]

1. d4 {[%emt 0:03:06]} Nf6 {[%emt 0:00:00]} 2. c4 {[%emt 0:00:05]} g6 {[%emt 0:00:00]} 3. Nc3 {[%emt 0:00:05]} Bg7 {[%emt 0:00:02]} 4. e4 {[%emt 0:00:06]} d6 {[%emt 0:00:14]} 5. Be2 {[%emt 0:00:05]} O-O {[%emt 0:00:07]} 6. Bg5 {[%emt 0:00:04]} c5 {[%emt 0:00:25]} 7. d5 {[%emt 0:00:06]} e6 {[%emt 0:00:06]} 8. Qd2 {[%emt 0:00:40]} exd5 {[%emt 0:00:25]} 9. exd5 {[%emt 0:00:08]} Qb6 {[%emt 0:06:24]} 10. Nf3 {[%emt 0:02:19]} Bf5 {[%emt 0:02:01]} 11. Nh4 {[%emt 0:00:08]} Ne4 {[%emt 0:04:45]} 12. Nxe4 {[%emt 0:00:37]} Bxe4 {[%emt 0:00:08]} 13. f3 {[%emt 0:00:48]} h6 {[%emt 0:07:38]} 14. Bxh6 {[%emt 0:01:14]} Bxh6 {[%emt 0:00:27]} 15. Qxh6 {[%emt 0:00:12]} Qxb2 {[%emt 0:00:09]} 16. Rc1 {[%emt 0:00:21]} Re8 {[%emt 0:01:25]} 17. O-O {[%emt 0:08:51]} Qxe2 {[%emt 0:02:17]} 18. fxe4 {[%emt 0:00:30]} Qxe4 {[%emt 0:01:03]} 19. Rxf7 {[%emt 0:02:11]} Qe3+ {[%emt 0:19:22]} 20. Qxe3 {[%emt 0:00:08]} Rxe3 {[%emt 0:00:07]} 21. Rxb7 {[%emt 0:02:32]} Na6 {[%emt 0:02:41]} 22. Nxg6 {[%emt 0:00:19]} Rae8 {[%emt 0:00:28]} 23. a3 {[%emt 0:01:31]} Rxa3 {[%emt 0:02:08]} 24. Rxa7 {[%emt 0:00:24]} Ra2 {[%emt 0:00:36]} 25. Ne7+ {[%emt 0:03:18]} Kh8 {[%emt 0:02:04]} 26. Re1 {[%emt 0:00:10]} Rb8 {[%emt 0:00:52]} 27. Ng6+ {[%emt 0:00:10]} Kg8 {[%emt 0:00:21]} 28. h4 {[%emt 0:00:08]} Nb4 {[%emt 0:01:24]} 29. Rd7 {[%emt 0:00:09]} 1-0

[Event "POR-ch Absolute 2018"]
[Site "Braga"]
[Date "2018.09.07"]
[Round "7"]
[White "Sousa, Andre Ventura"]
[Black "Rocha, Sergio"]
[Result "*"]
[WhiteElo "2365"]
[BlackElo "2379"]
[Annotator "NA"]
[PlyCount "27"]
[EventDate "2018.09.02"]
[EventType "tourn"]
[EventCountry "POR"]
[SourceTitle "playchess.com"]
[Source "ChessBase"]
[SourceQuality "1"]
[TimeControl "40/5400+30:1800+30"]

1. e4 {[%emt 0:00:00]} Nf6 {[%emt 0:04:11]} 2. e5 {[%emt 0:00:00]} Nd5 {[%emt 0:00:06]} 3. d4 {[%emt 0:00:00]} d6 {[%emt 0:00:05]} 4. Nf3 {[%emt 0:00:00]} c6 {[%emt 0:00:28]} 5. Be2 {[%emt 0:00:00]} Bg4 {[%emt 0:00:46]} 6. h3 {[%emt 0:01:56]} Bxf3 {[%emt 0:00:34]} 7. Bxf3 {[%emt 0:00:04]} e6 {[%emt 0:00:06]} 8. O-O {[%emt 0:00:50]} Nd7 {[%emt 0:00:24]} 9. Re1 {[%emt 0:04:16]} dxe5 {[%emt 0:07:09]} 10. dxe5 {[%emt 0:01:14]} Bc5 {[%emt 0:03:12]} 11. Nd2 {[%emt 0:10:00]} Bd4 {[%emt 0:07:29]} 12. Bxd5 {[%emt 0:10:29]} cxd5 {[%emt 0:01:35]} 13. Nf3 {[%emt 0:01:11]} Bc5 {[%emt 0:00:12]} 14. Be3 {[%emt 0:09:27]} *

[Event "POR-ch Absolute 2018"]
[Site "Braga"]
[Date "2018.09.07"]
[Round "7"]
[White "Silva, Luis Neves Da"]
[Black "Vasques, Antonio Pedro Freix"]
[Result "1/2-1/2"]
[WhiteElo "2353"]
[BlackElo "2239"]
[Annotator "NA"]
[PlyCount "75"]
[EventDate "2018.09.02"]
[EventType "tourn"]
[EventCountry "POR"]
[SourceTitle "playchess.com"]
[Source "ChessBase"]
[SourceQuality "1"]
[TimeControl "40/5400+30:1800+30"]

1. Nf3 {[%emt 0:00:00]} Nf6 {[%emt 0:12:09]} 2. g3 {[%emt 0:00:00]} g6 {[%emt 0:00:13]} 3. b3 {[%emt 0:00:00]} Bg7 {[%emt 0:00:30]} 4. Bb2 {[%emt 0:00:00]} O-O {[%emt 0:00:19]} 5. Bg2 {[%emt 0:00:03]} a5 {[%emt 0:00:34]} 6. c4 {[%emt 0:05:08]} c6 {[%emt 0:02:21]} 7. O-O {[%emt 0:00:34]} d5 {[%emt 0:03:08]} 8. Nc3 {[%emt 0:01:35]} Ne4 {[%emt 0:06:03]} 9. Na4 {[%emt 0:00:01]} Bxb2 {[%emt 0:17:23]} 10. Nxb2 {[%emt 0:01:56]} Nd7 {[%emt 0:01:31]} 11. d4 {[%emt 0:12:50]} b6 {[%emt 0:10:56]} 12. Rc1 {[%emt 0:01:53]} Bb7 {[%emt 0:01:35]} 13. Nd3 {[%emt 0:00:29]} a4 {[%emt 0:07:25]} 14. cxd5 {[%emt 0:02:40]} cxd5 {[%emt 0:00:04]} 15. bxa4 {[%emt 0:00:58]} e6 {[%emt 0:01:54]} 16. Qb3 {[%emt 0:04:22]} Ba6 {[%emt 0:01:09]} 17. Rc2 {[%emt 0:00:54]} Nd6 $14 {[%emt 0:19:23]} 18. Rb1 {[%emt 0:04:42]} Nc4 {[%emt 0:03:48]} 19. Bf1 {[%emt 0:06:13]} Qe7 {[%emt 0:01:03]} 20. Rbc1 {[%emt 0:02:27]} Rfb8 {[%emt 0:00:22]} 21. Nb4 {[%emt 0:05:33]} Na5 {[%emt 0:00:42]} 22. Qc3 {[%emt 0:02:53]} Rc8 {[%emt 0:01:10]} 23. Qe1 {[%emt 0:02:34]} Rxc2 {[%emt 0:00:35]} 24. Rxc2 {[%emt 0:00:16]} Bc4 {[%emt 0:00:04]} 25. Qb1 {[%emt 0:07:18]} Nb7 {[%emt 0:02:26]} 26. Nc6 {[%emt 0:00:50]} Qd6 {[%emt 0:00:28]} 27. Nce5 {[%emt 0:02:01]} Nxe5 {[%emt 0:00:37]} 28. dxe5 {[%emt 0:14:46]} Qc5 {[%emt 0:00:03]} 29. Rb2 {[%emt 0:00:09]} Rxa4 {[%emt 0:00:34]} 30. Rxb6 {[%emt 0:00:30]} Bxa2 {[%emt 0:01:05]} 31. Qb2 {[%emt 0:00:19]} Na5 {[%emt 0:00:07]} 32. Rb8+ {[%emt 0:07:14]} Kg7 {[%emt 0:00:01]} 33. Qd2 {[%emt 0:00:32]} Qc7 {[%emt 0:00:38]} 34. Re8 {[%emt 0:00:51]} Qd7 {[%emt 0:00:16]} 35. Rb8 {[%emt 0:00:35]} Qc7 {[%emt 0:00:04]} 36. Qb2 {[%emt 0:04:15]} Bc4 {[%emt 0:03:31]} 37. h4 {[%emt 0:00:38]} Ba6 {[%emt 0:02:14]} 38. Qb6 1/2-1/2

[Event "POR-ch Absolute 2018"]
[Site "Braga"]
[Date "2018.09.07"]
[Round "7"]
[White "Veiga, Jose Francisco R P "]
[Black "Rego, Pedro Filipe"]
[Result "1-0"]
[WhiteElo "2231"]
[BlackElo "2270"]
[Annotator "NA"]
[PlyCount "67"]
[EventDate "2018.09.02"]
[EventType "tourn"]
[EventCountry "POR"]
[SourceTitle "playchess.com"]
[Source "ChessBase"]
[SourceQuality "1"]
[TimeControl "40/5400+30:1800+30"]

1. e4 {[%emt 0:04:34]} c5 {[%emt 0:00:00]} 2. Nf3 {[%emt 0:01:14]} e6 {[%emt 0:00:00]} 3. d4 {[%emt 0:00:09]} cxd4 {[%emt 0:00:00]} 4. Nxd4 {[%emt 0:00:06]} Nc6 {[%emt 0:00:00]} 5. Nc3 {[%emt 0:00:05]} Qc7 {[%emt 0:00:00]} 6. Be3 {[%emt 0:00:22]} a6 {[%emt 0:00:00]} 7. Qd2 {[%emt 0:00:28]} Nf6 {[%emt 0:00:19]} 8. f3 {[%emt 0:00:46]} Be7 {[%emt 0:00:56]} 9. O-O-O {[%emt 0:00:21]} b5 {[%emt 0:00:03]} 10. Kb1 {[%emt 0:03:55]} Nxd4 {[%emt 0:00:27]} 11. Qxd4 {[%emt 0:02:34]} Bb7 {[%emt 0:00:51]} 12. g4 {[%emt 0:05:04]} Rc8 {[%emt 0:01:29]} 13. Qd3 {[%emt 0:08:53]} b4 {[%emt 0:04:07]} 14. Ne2 {[%emt 0:03:14]} d5 {[%emt 0:00:25]} 15. exd5 {[%emt 0:02:50]} Bxd5 {[%emt 0:02:58]} 16. g5 {[%emt 0:06:18]} Nd7 {[%emt 0:04:56]} 17. Bf4 {[%emt 0:03:20]} Qa5 {[%emt 0:18:00]} 18. Nc1 {[%emt 0:01:36]} Nc5 {[%emt 0:04:53]} 19. Qe3 {[%emt 0:00:23]} Qa4 {[%emt 0:09:58]} 20. Nb3 {[%emt 0:04:12]} Qc6 {[%emt 0:10:20]} 21. Nd4 {[%emt 0:04:46]} Qb7 {[%emt 0:00:05]} 22. h4 {[%emt 0:05:10]} Na4 {[%emt 0:03:29]} 23. Qe2 {[%emt 0:12:38]} Rc4 {[%emt 0:06:55]} 24. Qe5 {[%emt 0:06:46]} f6 {[%emt 0:06:27]} 25. Qe3 {[%emt 0:02:17]} Rxd4 {[%emt 0:02:41]} 26. Rxd4 {[%emt 0:00:21]} e5 {[%emt 0:03:19]} 27. Bxe5 {[%emt 0:02:20]} O-O {[%emt 0:06:19]} 28. gxf6 {[%emt 0:01:26]} Bc5 {[%emt 0:00:09]} 29. fxg7 {[%emt 0:00:21]} Re8 {[%emt 0:03:20]} 30. Bd3 {[%emt 0:03:00]} Qb6 {[%emt 0:01:49]} 31. Bxh7+ {[%emt 0:00:56]} Kxh7 {[%emt 0:00:03]} 32. Qd3+ {[%emt 0:00:07]} Kg8 {[%emt 0:00:04]} 33. Rxd5 {[%emt 0:00:10]} Nc3+ {[%emt 0:01:26]} 34. Bxc3 {[%emt 0:00:27]} 1-0

[Event "POR-ch Absolute 2018"]
[Site "Braga"]
[Date "2018.09.07"]
[Round "7"]
[White "Padeiro, Jose"]
[Black "Fernandes, Antonio"]
[Result "0-1"]
[WhiteElo "2209"]
[BlackElo "2389"]
[Annotator "NA"]
[PlyCount "87"]
[EventDate "2018.09.02"]
[EventType "tourn"]
[EventCountry "POR"]
[SourceTitle "playchess.com"]
[Source "ChessBase"]
[SourceQuality "1"]
[TimeControl "40/5400+30:1800+30"]

1. e4 c5 2. Nc3 Nc6 3. Bb5 Nd4 4. Bc4 e6 5. Nge2 Ne7 6. Nxd4 cxd4 7. Ne2 Nc6 {LiveBook: 147 Games} 8. d3 g6 9. O-O Bg7 {B30: Sicilian: 2...Nc6 3 Bb5, lines without ...g6} 10. f4 (10. Bd2 O-O 11. b4 a5 12. bxa5 Nxa5 13. Bb4 d6 14. Bb3 Qc7 15. Qd2 Bd7 16. f4 Rfc8 17. Rac1 {½-½ (77) Paehtz,E (2472)-Fier,A (2608) Nancy 2016}) 10... O-O 11. Qe1 Na5 $146 ({Predecessor:} 11... d5 12. exd5 exd5 13. Bb3 Re8 14. Qf2 Be6 15. Ng3 Ne7 16. Bd2 Nf5 17. Nxf5 Bxf5 18. Rae1 Be6 19. Bb4 Qb6 20. Bd2 Rac8 21. Re2 Qc6 22. Rfe1 {½-½ (22) Swennen,F (1401)-Huttl,S (1614) Blankenberge 2014}) 12. Qg3 (12. Bb5 $11) 12... d5 13. Bb3 $1 Nxb3 14. axb3 dxe4 15. dxe4 Qc7 16. Qd3 Rd8 17. e5 Bf8 18. Kh1 Bc5 19. Bd2 Bd7 20. b4 Bb6 21. Be1 a6 22. Bh4 Bb5 23. Bxd8 Rxd8 24. Qe4 Bc6 25. Qd3 Bb5 26. Qe4 d3 27. cxd3 Bxd3 28. Qf3 Qc4 29. Rac1 Qd5 30. Nc3 Qxf3 31. Rxf3 Bf5 32. Rd1 Rc8 33. h3 Kf8 34. Rd2 h5 35. Kh2 Rc4 36. Rd7 Rxb4 37. Rd2 h4 38. Nd1 Be4 39. Rc3 Bc6 40. g3 Ke7 41. Rdd3 $17 (41. Rdc2 $15) 41... Re4 42. Rc2 Re1 43. Rcc3 Re4 44. Kh1 0-1

[Event "POR-ch Absolute 2018"]
[Site "Braga"]
[Date "2018.09.08"]
[Round "8"]
[White "Fernandes, Antonio"]
[Black "Veiga, Jose Francisco R P "]
[Result "*"]
[WhiteElo "2389"]
[BlackElo "2231"]
[Annotator "NA"]
[PlyCount "73"]
[EventDate "2018.09.02"]
[EventType "tourn"]
[EventCountry "POR"]
[SourceTitle "playchess.com"]
[Source "ChessBase"]
[SourceQuality "1"]
[TimeControl "40/5400+30:1800+30"]

1. e4 {[%emt 0:20:36]} e5 {[%emt 0:00:20]} 2. Nf3 {[%emt 0:00:05]} Nc6 {[%emt 0:00:07]} 3. Bc4 {[%emt 0:00:18]} Bc5 {[%emt 0:00:13]} 4. b4 {[%emt 0:00:09]} Bxb4 {[%emt 0:00:16]} 5. c3 {[%emt 0:00:01]} Be7 {[%emt 0:00:18]} 6. d4 {[%emt 0:02:43]} Na5 {[%emt 0:01:39]} 7. Bd3 {[%emt 0:01:35]} d6 {[%emt 0:01:26]} 8. dxe5 {[%emt 0:33:45]} dxe5 {[%emt 0:00:07]} 9. Nxe5 {[%emt 0:00:20]} Nf6 {[%emt 0:00:37]} 10. O-O {[%emt 0:03:11]} O-O {[%emt 0:00:59]} 11. Qc2 {[%emt 0:00:44]} Bd6 {[%emt 0:05:55]} 12. Nf3 {[%emt 0:00:46]} Re8 {[%emt 0:02:58]} 13. Bg5 {[%emt 0:01:05]} h6 {[%emt 0:02:10]} 14. Bh4 {[%emt 0:01:30]} b6 {[%emt 0:01:12]} 15. Nbd2 {[%emt 0:05:36]} Bb7 {[%emt 0:01:36]} 16. Rad1 {[%emt 0:04:39]} g5 {[%emt 0:11:19]} 17. Bg3 $14 {[%emt 0:04:27]} Bxg3 {[%emt 0:00:17]} 18. hxg3 {[%emt 0:00:37]} Qe7 {[%emt 0:04:29]} 19. Nd4 {[%emt 0:07:32]} Bc8 {[%emt 0:01:44]} 20. Bb5 {[%emt 0:02:53]} Rf8 {[%emt 0:00:06]} 21. Nc4 {[%emt 0:00:44]} Nxc4 {[%emt 0:04:34]} 22. Bxc4 {[%emt 0:00:05]} c5 {[%emt 0:01:50]} 23. e5 {[%emt 0:00:43]} Ng4 24. Nc6 Qc7 {[%emt 0:15:02]} 25. Rd6 {[%emt 0:00:46]} Kg7 {[%emt 0:01:39]} 26. Rfd1 {[%emt 0:02:43]} Re8 {[%emt 0:01:37]} 27. Qe4 {[%emt 0:00:51]} h5 {[%emt 0:03:47]} 28. f3 {[%emt 0:00:57]} Nh6 {[%emt 0:00:35]} 29. Qe3 {[%emt 0:00:03]} Nf5 {[%emt 0:01:01]} 30. Qxg5+ {[%emt 0:00:02]} Kf8 {[%emt 0:00:11]} 31. Qxh5 {[%emt 0:00:44]} Kg7 {[%emt 0:01:21]} 32. Qg5+ {[%emt 0:01:36]} Kf8 {[%emt 0:00:10]} 33. Qf6 {[%emt 0:00:28]} Kg8 {[%emt 0:01:11]} 34. Rd7 {[%emt 0:00:16]} Bxd7 {[%emt 0:00:36]} 35. Bxf7+ {[%emt 0:00:14]} Kh7 {[%emt 0:00:23]} 36. Bg6+ {[%emt 0:00:02]} Kh6 {[%emt 0:00:11]} 37. Bxf5+ {[%emt 0:00:03]} *

[Event "POR-ch Absolute 2018"]
[Site "Braga"]
[Date "2018.09.08"]
[Round "8"]
[White "Rocha, Sergio"]
[Black "Rego, Pedro Filipe"]
[Result "0-1"]
[WhiteElo "2379"]
[BlackElo "2270"]
[Annotator "TA"]
[PlyCount "145"]
[EventDate "2018.09.02"]
[EventType "tourn"]
[EventCountry "POR"]
[SourceTitle "playchess.com"]
[Source "ChessBase"]
[SourceQuality "1"]

{[%evp 16,145,21,14,24,24,29,26,38,37,39,38,51,9,13,-34,-25,-26,-15,-34,-34,-36,-35,-65,-60,-69,-69,-128,-85,-81,-79,-77,-78,-77,-75,-72,-81,-119,-62,-91,-94,-90,-94,-88,-88,-87,-88,-78,0,-8,0,-67,-56,-75,0,0,18,12,14,-17,0,-14,28,-16,66,58,64,66,60,72,185,0,72,71,132,19,15,0,17,11,19,13,0,0,0,0,0,0,0,0,0,0,0,0,9,8,10,0,0,0,0,0,0,-15,-15,-15,-15,-1275,-1134,-778,-764,-5485,-2580,-12830,-8727,-12845,-12845,-12845,-12846,-12850,-12847,-12847,-12847,-12850,-12851,-12851,-12851,-29980,-29981,-12851,-29988,-12851]} 1. d4 Nf6 2. c4 e6 3. Nf3 Bb4+ 4. Bd2 Qe7 5. g3 Nc6 6. Bg2 Bxd2+ 7. Nbxd2 d6 8. Nf1 O-O 9. Ne3 {LiveBook: 34 Games. E11: Bogo-Indian} Rb8 10. Rc1 $146 ({Predecessor:} 10. O-O b6 11. d5 Nd8 12. b4 Bd7 13. Rc1 Nb7 14. Nd4 a6 15. Qd3 Qe8 16. Rc3 e5 {1-0 (50) Markus,R (2608)-Csom,I (2437) Hungary 2009}) 10... Bd7 11. O-O {White has an edge.} Rfe8 12. Re1 g6 13. a3 a5 14. h4 a4 15. d5 Na5 16. dxe6 fxe6 17. Qc2 Nb3 18. Rcd1 Bc6 19. Bh3 Rf8 20. Ng5 Nc5 21. f3 (21. Rf1 $1 $15) 21... Rbe8 22. Bg2 Qg7 23. Kh2 h6 24. Nh3 g5 25. hxg5 hxg5 26. Rh1 Kf7 (26... g4 $17 27. fxg4 Nxg4+ 28. Nxg4 Qxg4) 27. Nf2 Rh8+ 28. Kg1 Rxh1+ 29. Bxh1 Rh8 30. Bg2 Nh5 31. Nf1 Qe5 (31... b6 $17) 32. Ng4 $11 Qf5 33. Qc3 (33. e4 $11 Qg6 34. Qf2) 33... Qh7 $15 34. e4 Ke7 (34... e5 $1 $17) 35. e5 $11 {Black must now prevent Qa5.} Qg7 36. Qa5 $36 {[%mdl 2048] Black is under pressure.} Rc8 37. Qc3 Rf8 38. Qe3 b6 39. Rd2 Kd7 (39... Bb7 $11) 40. exd6 $14 {Ne5+ is the strong threat.} Rf5 41. dxc7+ Kxc7 42. Re2 {And now Ne5 would win.} Nd7 (42... Rf8 $16 {keeps fighting.}) 43. Rd2 (43. Qxe6 $18 {is the precise move to win.} Qd4+ 44. Nf2) 43... Nc5 $1 $16 {[%cal Bd7c5,Bc5b3,Bb3d4,Bd4e2][%mdl 32]} 44. Nf2 Nf6 ({Black should try} 44... Re5 45. Ne4 (45. Qd4 Re1 $16) 45... Nf6) 45. Nd3 (45. g4 $16 Rf4 46. Qe5+ Kc8 47. Nd3 Nxd3 48. Rxd3) 45... Nfd7 $1 $11 46. Nh2 Nb3 47. Rf2 ({Avoid the trap} 47. Qxe6 $2 Qd4+ 48. Nf2 Nxd2 $19) 47... Qd4 48. Qxd4 Nxd4 49. f4 gxf4 50. gxf4 Nc5 51. Ne5 Bxg2 52. Kxg2 Ne4 53. Rf1 Ne2 54. Nd3 Nd4 55. Ng4 Nd2 56. Rh1 Nxc4 57. Rc1 b5 58. Ne3 Ne2 $1 {[%csl LRc1,LRf4]} 59. Nxf5 Nxc1 60. Nxc1 {aiming for Nd4.} exf5 {[%mdl 4096] Endgame KN-KN} 61. Nd3 $2 {[%mdl 8192]} (61. b3 $11 Nxa3 62. Kf3) 61... Kd6 62. Kf2 {[#]} Kd5 $1 {[%cal Rd5e4]} 63. Kf3 Kd4 64. Ke2 Ke4 65. b3 axb3 66. Nc5+ Kxf4 67. Nxb3 Kg3 68. Kd3 f4 {[%cal Bf5f4,Bf4f3][%mdl 32]} 69. Nd4 Nxa3 70. Ke4 Kg4 71. Kd5 f3 72. Nb3 Nc4 (72... f2 $19 73. Nd2 {[#]} Nc4 $1 {[%mdl 512]}) 73. Kd4 {Precision: White = 33%, Black = 58%.} 0-1